LDR 01155naa#a2200217#i#450# 001 RU\\bibl\125468 005 20260630021026.2 011 ## _a2077-7566 100 ## _a20260629b2026####ek#y0rusy0150####ca 101 0# _aRUS 102 ## _aRU 200 1# _aОЦЕНКА ЭФФЕКТИВНОСТИ СТОМАТОЛОГИЧЕСКОЙ РЕАБИЛИТАЦИИ ДЕТЕЙ С ОРФАННЫМИ ЗАБОЛЕВАНИЯМИ С НАРУШЕНИЕМ ФОСФОРНО-КАЛЬЦИЕВОГО ОБМЕНА ПО КРИТЕРИЯМ КАЧЕСТВА ЖИЗНИ _eЖурнальная статья 210 1# _aЕкатеринбург _cИздательский Дом «ТИРАЖ» _d2026 215 ## _a6 с. 608 ## _aЖурнальная статья _2local 675 ## _aСтоматология. Заболевания ротовой полости и зубов. 616.31 _zRUS 700 #1 _aАлексеева _gИрина Александровна 700 #1 _aКисельникова _gЛариса Петровна 700 #1 _aКовылина _gОльга Сергеевна 700 #1 _aЦымлянская _gВиктория Викторовна 856 4# _adental-press.ru _u